Richest Cities in the World - Statistics

General Stats
  • This quiz has been taken 209 times
  • The average score is 11 of 15
Answer Stats
GDP (billions) City % Correct
1,558.0 New York City
97%
1,699.0 Tokyo
97%
542.0 London
91%
866.7 Los Angeles
89%
384.0 Shanghai
81%
612.0 Chicago
76%
688.2 Seoul
70%
411.9 San Francisco
66%
471.5 Washington D.C.
66%
584.0 Osaka
63%
504.4 Dallas
61%
525.4 Houston
61%
382.5 Boston
58%
391.1 Philadelphia
49%
477.0 Sao Paulo
40%
No matching quizzes found
Score Distribution
Percent of People with Each Score
Percentile by Number Answered
Your Score History
You have not taken this quiz